Séville / (Record no. 139950)

MARC details
000 -LEADER
campo de control de longitud fija 00637nam a2200205 4500
001 - NÚMERO DE CONTROL
campo de control 139950
003 - IDENTIFICADOR DE NÚMERO DE CONTROL
campo de control ES-MaACL
005 - FECHA Y HORA DE LA ÚLTIMA TRANSACCIÓN
campo de control 20230906195944.0
007 - CAMPO FIJO DE DESCRIPCIÓN FÍSICA--INFORMACIÓN GENERAL
campo de control de longitud fija t|
008 - DATOS DE LONGITUD FIJA--INFORMACIÓN GENERAL
campo de control de longitud fija 070214s1907 fr r ||||1| fre d
100 1# - ENTRADA PRINCIPAL--NOMBRE DE PERSONA
Nombre de persona Schmidt, Charles.
9 (RLIN) 104467
245 10 - MENCIÓN DEL TÍTULO
Título Séville /
Mención de responsabilidad, etc. par Ch.-Lug. Schmidt ; traduit et adapté par Henry Peyre.
260 ## - PUBLICACIÓN, DISTRIBUCIÓN, ETC.
Lugar de publicación, distribución, etc. Paris :
Nombre del editor, distribuidor, etc. H. Laurens,
Fecha de publicación, distribución, etc. 1907 (
Lugar de fabricación/manufactura Evreux :
Fabricante Ch. Hérissey)
300 ## - DESCRIPCIÓN FÍSICA
Extensión 155 p. ;
Dimensiones 26 cm.
490 1# - MENCIÓN DE SERIE
Mención de serie Les villes d'art célèbres
700 1# - ENTRADA AGREGADA--NOMBRE PERSONAL
Nombre de persona Peyre de Bétouzet, Henry.
9 (RLIN) 91597
830 0# - PUNTO DE ACCESO ADICIONAL DE SERIE-TÍTULO UNIFORME
Título uniforme Les villes d'art célèbres
9 (RLIN) 181445
852 ## - LOCALIZACIÓN
Ubicación ES-MaACL
Número de control de estantería F-2113
Holdings
Estatus retirado Estado de pérdida Estado de daño No para préstamo Biblioteca de origen Biblioteca actual Ubicación en estantería Fecha de adquisición Fuente de adquisición Total de préstamos Signatura topográfica completa Código de barras Visto por última vez Precio de reemplazo Tipo de ítem Koha
        Biblioteca del Ateneo de Madrid Biblioteca del Ateneo de Madrid Depósito 2 17/01/2008     F-2113 1145635 23/02/2023 23/02/2023 Libro impreso